|
|
|
|
| LEADER |
01268nam a2200265 a 4500 |
| 001 |
1010109 |
| 008 |
100621s1986 no b b 000 0 eng d |
| 010 |
|
|
|a 87128545
|
| 020 |
|
|
|a 8290584083 (pbk.)
|
| 040 |
|
|
|a DLC
|c DLC
|d DLC
|d BD-DhAAL
|
| 082 |
0 |
0 |
|a 330.9549/205
|2 19
|
| 245 |
0 |
0 |
|a Bangladesh :
|b country study and Norwegian aid review.
|
| 260 |
|
|
|a Fantoft, Norway :
|b Chr. Michelsen Institute, Dept. of Social Science and Development, DERAP-Development Research and Action Programme,
|c 1986.
|
| 300 |
|
|
|a xxxiii, 353 p. :
|b map ;
|c 22 cm.
|
| 500 |
|
|
|a Study commissioned by the Norwegian Ministry of Development and Cooperation.
|
| 504 |
|
|
|a Includes Bibliography (p. 213-235.)
|
| 541 |
1 |
|
|e 00004639
|
| 651 |
|
0 |
|a Bangladesh
|x Economic conditions.
|
| 650 |
|
0 |
|a Economic assistance
|z Bangladesh.
|
| 650 |
|
0 |
|a Economic assistance, Norwegian
|z Bangladesh.
|
| 710 |
2 |
|
|a Chr. Michelsens institutt.
|b Forsknings- og aksjonsprogrammet for utviklingsland.
|
| 710 |
1 |
|
|a Norway.
|b Departementet for utviklingshjelp.
|
| 852 |
4 |
|
|a Ayesha Abed Library
|j General shelf
|
| 999 |
|
|
|c 9017
|d 9017
|
| 952 |
|
|
|0 0
|1 0
|2 ddc
|4 0
|6 330_954920500000000_BAN_1986
|7 0
|9 11139
|a BRACUL
|b BRACUL
|c GEN
|d 2010-06-21
|g 0.00
|l 0
|o 330.9549205 BAN
|p 3010004639
|r 2010-06-21
|t 1
|w 2010-06-21
|y BK
|z Not price in Register
|